000 00878nam a22002651i 4500
005 20210419122738.0
008 210419r19782004ii a|||e ||| 001 0 eng d
020 _a9788125017424
_qpaperback
040 _aPPAK
_beng
_cPPAK
_erda
082 0 4 _223
_a579
090 0 0 _a579
_bANA
_dR
100 1 _aAnanthanarayan, R.,
_eauthor.
245 1 0 _aTextbook of Microbiology /
_cR. Ananthanarayan BA MBBS (Madras) DB PhD (London), C.K. Jayaram Paniker MD
264 1 _aHyderabad, India :
_bOrient Longman Private Limited ,
_c2004
264 4 _c©1978
300 _a612 pages :
_bcolour illustrations ;
_c24 cm.
336 _2rdacontent
_atext
337 _2rdamedia
_aunmediated
338 _2rdacarrier
_avolume
500 _aIncludes index.
650 1 0 _aMicrobiology.
650 2 0 _aMedical microbiology.
700 1 _aPaniker, C.K. Jayaram,
_eauthor
_eeditor.
942 _2ddc
_cB
999 _c183526
_d183526